| 000 | 01070nam a2200325 a 4500 | ||
|---|---|---|---|
| 001 | 000111066 | ||
| 003 | CHAP | ||
| 005 | 20220329144156.0 | ||
| 008 | 141128s2014 mx a |r| ||||||spa d | ||
| 010 | _a107528 | ||
| 011 | _a108500 | ||
| 020 | _a9786078363124 | ||
| 040 | _cCHAP | ||
| 082 | 0 | 4 |
_a636.0821 _bP43 |
| 100 | 1 |
_aPerezgrovas Garza, Raúl. _9128697 |
|
| 245 | 1 | 3 |
_aLa etnozootecnia en Chiapas. Visión retrospectiva y estado actual / _cpor Raúl Andrés Perezgrovas Garza. |
| 260 |
_aSan Cristóbal de las Casas, Chis : _bUniversidad Autónoma de Chiapas, _c2014. |
||
| 300 |
_a391 p. : _bil. |
||
| 590 |
_aE5995AHE _b05 _c20141128 _lUCH01 _h1204 |
||
| 590 |
_aE5995AHE _b05 _c20141201 _lUCH01 _h0829 |
||
| 590 |
_aE5995AHE _b05 _c20141201 _lUCH01 _h1454 |
||
| 590 |
_aE5995AHE _b05 _c20141201 _lUCH01 _h1457 |
||
| 650 | 1 | 4 |
_aDesarrollo sustentable _zChiapas. _932099 |
| 650 | 1 | 4 |
_aGanado lanar _xChiapas. _945162 |
| 650 | 1 | 4 |
_aGanado lanar _xGenética. _945182 |
| 650 | 1 | 4 |
_aGanado lanar _xMejoramiento. _945194 |
| 901 | _aBK | ||
| 942 | _cLIBRO | ||
| 942 | _n0 | ||
| 999 |
_c107528 _d107528 |
||